[Event "chess.com Women's Speed"]
[Site "chess.com INT"]
[Date "2019.05.27"]
[Round "1.22"]
[White "Krush,I"]
[Black "Gunina,V"]
[Result "1/2-1/2"]
[WhiteElo "2422"]
[BlackElo "2506"]

1.d4 Nf6 2.c4 e6 3.Nc3 Bb4 4.Qc2 d5 5.cxd5 exd5 6.Bg5 c6 7.e3 O-O 8.Bd3 h6
9.Bh4 Nbd7 10.Nf3 Re8 11.O-O Bd6 12.a3 Nf8 13.b4 Bg4 14.Be2 a6 15.Na4 Rc8
16.Nc5 Rc7 17.Bg3 Bxg3 18.hxg3 Bxf3 19.Bxf3 N8h7 20.a4 Ng5 21.Be2 Qd6 22.Rfc1 Ree7
23.Qb2 Nfe4 24.Nxe4 Nxe4 25.Bd3 Ng5 26.b5 axb5 27.axb5 cxb5 28.Qxb5 g6 29.Rxc7 Qxc7
30.Qxd5 Kg7 31.Ra8 Qc1+ 32.Kh2 Qc7 33.Qd8 Qxd8 34.Rxd8 Ne6 35.Rb8 Rc7 36.Be4 Ng5
37.Bxb7 Rc2 38.f3 Re2 39.Re8 h5 40.Bd5 Ne6 41.Bxe6 fxe6 42.Rxe6 Kf7 43.Re5 Kf6
44.Re4 Rd2 45.Kh3 Rd1 46.g4 hxg4+ 47.Kxg4 Rd2 48.g3 Ra2 49.f4 Ra5 50.Re5 Ra3
51.Rb5 Rxe3 52.Rb6+ Kf7 53.d5 Rd3 54.d6 Rd1 55.Rb7+ Kf6 56.d7 Rd3 57.Kh4 Rd1
58.Rb6+ Kf7 59.Kg5 Rd5+ 60.Kg4 Rxd7 61.Kg5 Rd5+ 62.Kg4 Kg7 63.Rb7+ Kf6 64.Rb6+ Kg7
65.Re6 Kf7 66.Re5 Rd3 67.Kh4 Kf6 68.g4 Rf3 69.g5+ Kf7 70.Kg4 Rf1 71.Rb5 Re1
72.Rb6 Re6 73.Rxe6 Kxe6 74.Kf3 Kd6 75.Ke3 Ke7 76.Kd3 Kd7 77.Kc3 Ke7 78.Kd4 Kd6
79.Ke4 Ke6 80.f5+ gxf5+ 81.Kf4 Kf7 82.Kxf5 Kg7 83.g6 Kg8 84.Kg5 Kg7 85.Kh5 Kg8
86.Kh6 Kh8 87.g7+ Kg8 88.Kg6  1/2-1/2

[Event "chess.com Women's Speed"]
[Site "chess.com INT"]
[Date "2019.05.27"]
[Round "1.14"]
[White "Krush,I"]
[Black "Gunina,V"]
[Result "0-1"]
[WhiteElo "2422"]
[BlackElo "2506"]

1.d4 Nf6 2.Nf3 d5 3.c4 e6 4.Bg5 Be7 5.e3 O-O 6.Nc3 c6 7.Qc2 Nbd7 8.Rd1 Re8
9.Bd3 Nf8 10.O-O Nh5 11.Bxe7 Qxe7 12.Ne5 Nf6 13.f4 N6d7 14.c5 f6 15.Nxd7 Bxd7
16.e4 Rad8 17.e5 f5 18.Qd2 Rb8 19.b4 b6 20.Rb1 Rec8 21.Rb2 Be8 22.Rfb1 Ra8
23.Ne2 Rcb8 24.a4 h6 25.Qc1 Rb7 26.b5 Rc7 27.Rc2 Rac8 28.bxc6 Rxc6 29.Ba6 Ra8
30.Bb5 Rc7 31.cxb6 Rxc2 32.Qxc2 axb6 33.Bxe8 Qxe8 34.Nc3 Qc6 35.Qb3 Rc8 36.Nb5 Kh7
37.h3 Ng6 38.Qg3 Qc2 39.Rf1 Qxa4 40.Qd3 Qc4 41.Qb1 Qe2  0-1

[Event "chess.com Women's Speed"]
[Site "chess.com INT"]
[Date "2019.05.27"]
[Round "1.23"]
[White "Gunina,V"]
[Black "Krush,I"]
[Result "1-0"]
[WhiteElo "2506"]
[BlackElo "2422"]

1.d4 d5 2.Nf3 Nf6 3.c4 dxc4 4.e3 e6 5.Bxc4 a6 6.O-O b5 7.Bd3 Bb7 8.Qe2 Nbd7
9.e4 c5 10.e5 Nd5 11.Nc3 cxd4 12.Ne4 Nc5 13.Bg5 Qb8 14.Rac1 Nxe4 15.Bxe4 h6
16.Bh4 g5 17.Bg3 Bg7 18.Nxd4 Bxe5 19.Bxd5 Bxg3 20.Bxb7 Bxh2+ 21.Kh1 Qxb7
22.Kxh2 O-O 23.Rfd1 Rfd8 24.Qf3 Rd5 25.Nc6 Rad8 26.Rxd5 Rxd5 27.Qf6 Qc7+
28.g3 Kh7 29.Ne7  1-0

[Event "chess.com Women's Speed"]
[Site "chess.com INT"]
[Date "2019.05.27"]
[Round "1.25"]
[White "Gunina,V"]
[Black "Krush,I"]
[Result "1-0"]
[WhiteElo "2506"]
[BlackElo "2422"]

1.d4 d5 2.Nf3 Nf6 3.e3 c5 4.c4 cxd4 5.exd4 g6 6.Nc3 Bg7 7.Be2 O-O 8.O-O Nc6
9.Bf4 dxc4 10.Bxc4 Na5 11.Be2 b6 12.h3 Bb7 13.Rc1 Rc8 14.Ne5 Nd5 15.Bg3 e6
16.Qd2 Qe7 17.Rfd1 Rfd8 18.Nxd5 Bxd5 19.b4 Nb7 20.a3 Nd6 21.Qf4 Ne4 22.Bh2 Nc3
23.Re1 Nxe2+ 24.Rxe2 Qb7 25.f3 Rxc1+ 26.Qxc1 Rc8 27.Rc2 Rxc2 28.Qxc2 h5 29.Bf4 Bf6
30.Kh2 Kg7 31.Qd2 Qa6 32.Bh6+ Kg8 33.Qf4 Bxe5 34.Qxe5 f6 35.Qxf6 Qb7 36.Qxg6+ Kh8
37.Bf4  1-0

[Event "47th Annual World Open"]
[Site "Philadelphia USA"]
[Date "2019.07.04"]
[Round "3"]
[White "Lenderman,A"]
[Black "Krush,I"]
[Result "1-0"]
[WhiteElo "2640"]
[BlackElo "2422"]

1.d4 d5 2.Nf3 Nf6 3.g3 c6 4.c4 Bf5 5.Nc3 e6 6.Nh4 dxc4 7.Nxf5 exf5 8.e3 Nbd7
9.Bxc4 Nb6 10.Bb3 Qd7 11.Qf3 Nbd5 12.Nxd5 cxd5 13.Bd2 Be7 14.O-O O-O 15.Rfc1 Rac8
16.Kg2 g6 17.Qe2 a6 18.Qf3 Ne4 19.Be1 Rc6 20.Rxc6 Qxc6 21.h3 h5 22.Bc3 Qd7
23.Rc1 Rc8 24.Rc2 Kg7 25.h4 Qb5 26.Qd1 Nf6 27.Rc1 Qd7 28.Ba5 Kf8 29.Rc2 Bd6
30.Bb6 Rxc2 31.Qxc2 Kg7 32.Bc5 Bb8 33.Bb4 Bd6 34.Bxd6 Qxd6 35.f3 b6 36.a3 a5
37.Kf2 Ng8 38.Qc8 Nf6 39.Ba4 Kh7 40.Qb7 Kg7 41.Bb5 Kf8 42.Bc6 Qd8 43.Ba4 Qd6
44.Bb5 Qd8 45.Qc6 Ke7 46.Ba4 Qb8 47.Bb3 Qd8 48.Bd1 Qb8 49.Be2 Qd8 50.Qb7+ Kf8
51.Qc6 Ke7 52.Qc3 Qd6 53.Bb5 Qd8 54.b4 axb4 55.Qxb4+ Ke6 56.Ke2 Qc7 57.Kf2 Qc2+
58.Be2 Qc6 59.Bd1 Qc7 60.Ba4 Qa7 61.Bb3 Qa5 62.Qxa5 bxa5 63.Ke2 Kd6 64.Kd2 Kc6
65.Kd3 Kd6 66.Kc3 Kc6 67.Ba4+ Kd6 68.Kb3 Nh7 69.Be8 Ke7 70.Bb5 g5 71.Ka4 gxh4
72.gxh4 Nf8 73.Kxa5 Ng6 74.Kb6 Nxh4 75.a4 Ng2 76.a5 h4 77.a6 h3 78.Bf1  1-0

[Event "47th Annual World Open"]
[Site "Philadelphia USA"]
[Date "2019.07.05"]
[Round "4"]
[White "Krush,I"]
[Black "Taylor,T"]
[Result "1-0"]
[WhiteElo "2422"]
[BlackElo "2213"]

1.c4 e6 2.Nc3 d5 3.d4 Nf6 4.cxd5 exd5 5.Bg5 Be7 6.e3 c6 7.Bd3 Nbd7 8.h3 Ne4
9.Bf4 Nxc3 10.bxc3 Nf6 11.Qc2 Bd6 12.Ne2 Bxf4 13.Nxf4 O-O 14.O-O h6 15.c4 dxc4
16.Bxc4 Kh8 17.Rfc1 Qa5 18.Qb3 g5 19.Ne2 Ne4 20.Qb2 f6 21.Bd3 Nd6 22.Rc5 Qd8
23.d5 b6 24.Rxc6 Bb7 25.Rc2 Bxd5 26.Rd1 Qe7 27.Rcd2 Bb7 28.Ng3 Rad8 29.a3 Ba8
30.Qb4 Nc8 31.Qg4 f5 32.Bxf5 Rxd2 33.Rxd2 Qxa3 34.Qd4+ Kg8 35.Qc4+ Kh8 36.Bxc8 Qa1+
37.Kh2 Qe5 38.Bf5 h5 39.Rd7 Rxf5 40.Qc8+  1-0

[Event "47th Annual World Open"]
[Site "Philadelphia USA"]
[Date "2019.07.05"]
[Round "5"]
[White "Quesada Perez,Yu"]
[Black "Krush,I"]
[Result "1/2-1/2"]
[WhiteElo "2626"]
[BlackElo "2422"]

1.e4 c5 2.Nf3 e6 3.d4 cxd4 4.Nxd4 Nc6 5.Nc3 Qc7 6.Be3 a6 7.Qd2 Nf6 8.O-O-O Be7
9.f3 O-O 10.g4 b5 11.g5 Nh5 12.Rg1 Ne5 13.f4 Nc4 14.Bxc4 Qxc4 15.Qd3 Qxd3
16.cxd3 f5 17.gxf6 Bxf6 18.Nce2 Bb7 19.Rdf1 Rac8+ 20.Kd2 Be7 21.a3 Rf7 22.Nf3 Rff8
23.Rc1 g6 24.Rxc8 Rxc8 25.Bd4 Bc6 26.b4 d6 27.Ke3 Bd7 28.Ng3 Nxf4 29.Kxf4 e5+
30.Nxe5 Rf8+ 31.Nf5 dxe5+ 32.Bxe5 Rf7 33.Ke3 Bxf5 34.exf5 Rxf5 35.Ke4 Bf6
36.d4 Bxe5 37.dxe5 Rf2 38.Rc1 Rxh2 39.Rc6 Kf7 40.Rf6+ Kg7 41.Rxa6 h5 42.Ra7+ Kh6
43.e6 Re2+ 44.Kd5 h4 45.a4 bxa4 46.b5 Rd2+ 47.Kc6 Rc2+ 48.Kd7 Rd2+ 49.Kc7 Rc2+
50.Kd8 Rb2 51.Rxa4 Kg5 52.e7  1/2-1/2

[Event "47th Annual World Open"]
[Site "Philadelphia USA"]
[Date "2019.07.06"]
[Round "6"]
[White "Krush,I"]
[Black "Robson,R"]
[Result "0-1"]
[WhiteElo "2422"]
[BlackElo "2652"]

1.d4 Nf6 2.c4 g6 3.Nc3 d5 4.Bf4 Bg7 5.e3 c5 6.dxc5 Qa5 7.Rc1 dxc4 8.Bxc4 O-O
9.Nf3 Qxc5 10.Bb3 Qa5 11.O-O Na6 12.Qe2 Nc5 13.Bc4 Bf5 14.Rfd1 Rac8 15.h3 a6
16.a3 Nce4 17.Nxe4 Bxe4 18.Ne5 e6 19.Bd3 Bxd3 20.Qxd3 Rxc1 21.Rxc1 Nh5 22.b4 Nxf4
23.exf4 Qd8 24.Qe4 h5 25.g3 h4 26.g4 Qe7 27.Rd1 Qc7 28.Rd7 Qc1+ 29.Kg2 b5
30.Nf3 Qxa3 31.Ng5 Qc3 32.Qb7 Qf6 33.Qxa6 Qxf4 34.Qxb5 e5 35.Nf3 e4 36.Ng1 Rc8
37.Qe2 Rc3 38.b5 Be5 39.Rd1 Qh2+ 40.Kf1 Qh1 41.Rd8+ Kh7 42.Qd2 Rf3  0-1

[Event "47th Annual World Open"]
[Site "Philadelphia USA"]
[Date "2019.07.06"]
[Round "7"]
[White "Onabogun,K"]
[Black "Krush,I"]
[Result "0-1"]
[WhiteElo "2208"]
[BlackElo "2422"]

1.e4 c5 2.Nf3 e6 3.d4 cxd4 4.Nxd4 Nc6 5.Nc3 Qc7 6.Be3 a6 7.f4 b5 8.Nxc6 Qxc6
9.Bd3 Bb7 10.Qf3 Nf6 11.a3 b4 12.axb4 Bxb4 13.Bd2 O-O 14.O-O-O Rfb8 15.Rde1 a5
16.Qh3 Ne8 17.e5 g6 18.Ne4 Qa4 19.Bxb4 Qxb4 20.c3 Qa4 21.Nc5 Qa2 22.Nxd7 Bd5
23.Nxb8 Rxb8 24.Re2 Qa1+ 25.Bb1 Be4 26.Kd2 Rxb2+ 27.Ke3 Rxe2+ 28.Kxe2 Qb2+  0-1

[Event "47th Annual World Open"]
[Site "Philadelphia USA"]
[Date "2019.07.07"]
[Round "8"]
[White "Krush,I"]
[Black "Mishra,Abhimanyu"]
[Result "1/2-1/2"]
[WhiteElo "2422"]
[BlackElo "2208"]

1.c4 Nf6 2.Nc3 d5 3.cxd5 Nxd5 4.Nf3 g6 5.h4 h6 6.e4 Nxc3 7.dxc3 Qxd1+ 8.Kxd1 Bg7
9.Kc2 Nc6 10.Be3 Bd7 11.a4 O-O-O 12.a5 f5 13.Nd2 Kb8 14.Be2 Rhf8 15.f3 f4
16.Bf2 Ne5 17.Nc4 Be6 18.Nxe5 Bxe5 19.Bc5 Rd7 20.Rad1 Rxd1 21.Rxd1 Bf6 22.Bf2 a6
23.b4 Kc8 24.c4 Rd8 25.Rxd8+ Kxd8 26.b5 c6 27.bxa6 bxa6 28.c5 Bc8 29.Bc4 e5
30.Be1 Ke7 31.Kd3 g5 32.hxg5 hxg5 33.g3 Kf8 34.g4  1/2-1/2

[Event "47th Annual World Open"]
[Site "Philadelphia USA"]
[Date "2019.07.07"]
[Round "9"]
[White "Sinha,Sahil"]
[Black "Krush,I"]
[Result "1/2-1/2"]
[WhiteElo "2268"]
[BlackElo "2422"]

1.d4 Nf6 2.c4 e6 3.Nc3 Bb4 4.Qc2 c5 5.dxc5 Qc7 6.Nf3 Bxc5 7.g3 O-O 8.Bg2 h6
9.O-O d6 10.b3 e5 11.Bb2 Be6 12.e4 Nc6 13.a3 a6 14.Nd5 Qd8 15.Qe2 Bg4 16.b4 Ba7
17.Rac1 Bd4 18.h3 Bxf3 19.Bxf3 Bxb2 20.Qxb2 Nd4 21.Bg2 Nxd5 22.exd5 Qb6 23.c5 dxc5
24.Rxc5 Rfe8 25.Rfc1 Rad8 26.a4 Qf6 27.Rd1 Nf5 28.Re1 Nd4 29.Rd1 Re7 30.Kh2 Nf5
31.Re1 Nd6 32.b5 axb5 33.axb5 Rde8 34.Rc2 Qg6 35.Rce2 e4 36.Qb3 Qf6 37.f3 exf3
38.Qxf3 Qxf3 39.Bxf3 Rxe2+ 40.Rxe2 Rxe2+ 41.Bxe2 b6 42.Kg2 f5 43.Kf3 Kf7
44.h4 Kf6 45.h5 Ke5 46.Ke3 Ne4 47.Kf3 Nc3 48.Bc4 Nxd5 49.Be2 Kd4 50.g4 f4
51.Bf1 Ke5 52.Bc4 Nc7  1/2-1/2

[Event "Berkeley Summer IM Norm"]
[Site "Berkeley USA"]
[Date "2019.08.17"]
[Round "2.4"]
[White "Cervantes Landeiro,Thalia"]
[Black "Krush,I"]
[Result "0-1"]
[WhiteElo "2118"]
[BlackElo "2417"]

1.d4 d6 2.c4 e5 3.Nf3 e4 4.Nfd2 f5 5.e3 c5 6.b4 Nf6 7.Be2 cxd4 8.exd4 d5
9.O-O Bxb4 10.cxd5 Nxd5 11.Bc4 Be6 12.Qb3 Nc6 13.a3 Ba5 14.Qxb7 Nce7 15.Nb3 Rb8
16.Qxa7 Bb6 17.Qa4+ Bd7 18.Bb5 Bxb5 19.Qxb5+ Kf7 20.Qe2 Ng6 21.a4 Re8 22.Nc5 Kg8
23.Na3 Kh8 24.Kh1 Ngf4 25.Bxf4 Nxf4 26.Qe3 Nd3 27.Rad1 f4 28.Qe2 Bxc5 29.dxc5 Qg5
30.f3 Rb2 31.Nc2 Nb4 32.Rc1 Qxc5 33.Nxb4 Qxc1 34.Qb5 Rc8  0-1

[Event "Berkeley Summer IM Norm"]
[Site "Berkeley USA"]
[Date "2019.08.17"]
[Round "3.3"]
[White "Krush,I"]
[Black "Saikhanchimeg,C"]
[Result "1-0"]
[WhiteElo "2417"]
[BlackElo "2011"]

1.Nf3 Nf6 2.c4 g6 3.Nc3 Bg7 4.e4 d6 5.d4 O-O 6.Be2 Nc6 7.O-O e5 8.d5 Ne7
9.Ne1 Ne8 10.Be3 f5 11.f3 f4 12.Bf2 g5 13.c5 Ng6 14.Rc1 h5 15.Nb5 b6 16.cxd6 cxd6
17.a4 Rf7 18.Nd3 Nf6 19.Rc6 Bf8 20.Qc2 Bd7 21.Rc1 Ne8 22.Nb4 g4 23.Kh1 g3
24.Bg1 gxh2 25.Bf2 Rg7 26.Bf1 Qg5 27.Nc7 Nxc7 28.Rxc7 h4 29.Kxh2 h3 30.gxh3 Nh4
31.Qd1 Re8 32.Nc6 a5 33.Rc3 Qh5 34.Rb7 Kh8 35.b3 Bxh3 36.Rxg7 Bxf1 37.Qxf1 Bxg7
38.Qh3 Nxf3+ 39.Rxf3  1-0

[Event "Berkeley Summer IM Norm"]
[Site "Berkeley USA"]
[Date "2019.08.18"]
[Round "4.3"]
[White "Lujan,C"]
[Black "Krush,I"]
[Result "1/2-1/2"]
[WhiteElo "2352"]
[BlackElo "2417"]

1.e4 c5 2.Nf3 d6 3.d4 cxd4 4.Nxd4 Nf6 5.Nc3 Nc6 6.Be2 e6 7.O-O Be7 8.Be3 O-O
9.Kh1 Nxd4 10.Qxd4 Bd7 11.f4 Bc6 12.Bf3 Qc7 13.a4 a6 14.a5 Nd7 15.Rfd1 Rac8
16.Qd2 Nc5 17.Qf2 b5 18.axb6 Qxb6 19.Bxc5 dxc5 20.Na4 Bxa4 21.Rxa4 Qxb2 22.Rxa6 Rfd8
23.Raa1 g6 24.Qe2 Rd4 25.Rab1 Qc3 26.Rb3 Rxd1+ 27.Qxd1 Qa5 28.g3 c4 29.Rb7 Rd8
30.Rd7 Rxd7 31.Qxd7 Qc3 32.Qd1 Bc5 33.e5 Kg7 34.Kg2 Qe3 35.Qe2 Qg1+ 36.Kh3 c3
37.Qd1 Qe3 38.Qe2 Qd2 39.Kg2 Qd4 40.Qd1 Qf2+ 41.Kh3 Qd2 42.Qxd2 cxd2 43.g4 h6
44.Kg3 g5 45.h4 gxf4+ 46.Kxf4 Bf2 47.h5 f6 48.c4 Bd4 49.exf6+ Kxf6 50.Ke4 Bc5
51.Kd3  1/2-1/2

[Event "Berkeley Summer IM Norm"]
[Site "Berkeley USA"]
[Date "2019.08.18"]
[Round "5.4"]
[White "Krush,I"]
[Black "Wang,Annie"]
[Result "1/2-1/2"]
[WhiteElo "2417"]
[BlackElo "2321"]

1.d4 e6 2.Nf3 Nf6 3.e3 d5 4.Bd3 c5 5.b3 Nc6 6.O-O Bd6 7.dxc5 Bxc5 8.Bb2 O-O
9.a3 b6 10.b4 Be7 11.Nbd2 Bb7 12.Qe2 Qc7 13.c4 Rad8 14.Rac1 Qb8 15.h3 h6
16.Bb1 Qa8 17.cxd5 Rxd5 18.Ne4 Nxe4 19.Bxe4 Rdd8 20.Bb1 Nb8 21.Rc7 Bd6 22.Qc2 Be4
23.Qc3 f6 24.Bxe4 Qxe4 25.Rxa7 Nc6 26.Ra6 Ne5 27.Nxe5 Bxe5 28.Qb3 Bxb2 29.Qxb2 Rd6
30.Rc1 Rfd8 31.Qc2 Qe5 32.Qe2 Rd2 33.Qf3 R8d6 34.g3 Kh7 35.Ra7 Rd7 36.Rxd7 Rxd7
37.Kg2 Ra7 38.Rc6 Rxa3 39.Rxb6 Ra2 40.Rc6 f5 41.h4 Rb2 42.Rb6 Rb1 43.h5 Rb2
44.Rb7 Rb3 45.Rb6 Rb2 46.g4 Rb1 47.gxf5 exf5 48.Rb7 Qf6 49.b5 Rb4 50.Rc7 Rg4+
51.Kf1 Qa1+ 52.Ke2 Qb2+ 53.Kd3 Qxb5+ 54.Kd2 Qa5+ 55.Kd3 Ra4 56.Qb7 Ra3+ 57.Ke2 Qe5
58.Rf7 Ra2+ 59.Kf3 Ra1 60.Kg2 Ra4 61.Kf3 Rg4 62.Re7 Qf6 63.Rf7 Qg5 64.Qd5 Rg1
65.Qxf5+ Qxf5+ 66.Rxf5 g6 67.Rf7+ Kg8 68.hxg6 Rxg6 69.Ra7 Rf6+ 70.Ke2 h5
71.f4 h4 72.Kf3 Rg6 73.f5 Rg3+ 74.Kf4 Rg2 75.e4 h3 76.Ra3 h2 77.Rh3 Kg7 78.Ke5 Re2
79.f6+ Kf7 80.Rh7+ Kg6 81.Rh8 Ra2 82.Rh3 Ra5+ 83.Ke6 Ra6+ 84.Ke7 Ra7+ 85.Ke6 Ra6+
86.Ke7 Ra7+ 87.Ke6  1/2-1/2

[Event "Berkeley Summer IM Norm"]
[Site "Berkeley USA"]
[Date "2019.08.19"]
[Round "6.1"]
[White "Belakovskaia,A"]
[Black "Krush,I"]
[Result "0-1"]
[WhiteElo "2191"]
[BlackElo "2417"]

1.c4 c5 2.Nc3 Nc6 3.g3 g6 4.Bg2 Bg7 5.e3 d6 6.Nge2 h5 7.h3 Nh6 8.d3 Nf5 9.Nf4 Qd7
10.Qa4 Ne5 11.Qc2 Rb8 12.Ne4 b5 13.Rb1 bxc4 14.dxc4 Bb7 15.O-O h4 16.g4 Nh6
17.g5 Nf5 18.Rd1 Qc7 19.Nd5 Bxd5 20.Rxd5 O-O 21.b3 a5 22.Rd1 a4 23.Nc3 axb3
24.axb3 e6 25.Ne4 Qe7 26.Bb2 Rb6 27.Bc3 Rfb8 28.Re1 Nd7 29.Bxg7 Kxg7 30.Qc3+ f6
31.Re2 e5 32.gxf6+ Nxf6 33.Nxf6 Qxf6 34.Ra2 Kh6 35.Ra7 Ng7 36.Qd3 Ne6 37.Rf1 Ng7
38.Rb1 Qf5 39.Rd1 Qg5 40.Rda1 Qf5 41.Qd5 Rxb3 42.Qxd6 Rb1+ 43.Rxb1 Rxb1+
44.Kh2 Qxf2  0-1

[Event "Berkeley Summer IM Norm"]
[Site "Berkeley USA"]
[Date "2019.08.20"]
[Round "8.3"]
[White "Ordaz Valdes,L"]
[Black "Krush,I"]
[Result "0-1"]
[WhiteElo "2393"]
[BlackElo "2417"]

1.d4 d6 2.c4 e5 3.Nc3 exd4 4.Qxd4 Nc6 5.Qd2 Nf6 6.b3 a5 7.Bb2 a4 8.Rd1 axb3
9.axb3 g6 10.g3 Bg7 11.Bg2 O-O 12.Nh3 Nd7 13.Ra1 Rxa1+ 14.Bxa1 Nc5 15.Qd1 Na5
16.b4 Ncb3 17.Bb2 Nxc4 18.Qxb3 Nxb2 19.Qxb2 Qf6 20.O-O Qxc3 21.Qxc3 Bxc3
22.Rc1 Bxb4 23.Rxc7 Ba5 24.Rc1 Bg4 25.Ra1 b6 26.e3 Rc8 27.Nf4 Kg7 28.Nd5 Rc5
29.e4 Be6 30.Bf3 Rc2 31.Rb1 Bxd5 32.exd5 Kf6 33.Kf1 Bc3 34.Bd1 Rd2 35.Be2 Ba5
36.Bf3 Ra2 37.Rb3 Rd2 38.Rb1 Rc2 39.Bd1 Ra2 40.Bb3 Rd2 41.Bc4 Rd4 42.Bb3 Bb4
43.Rd1 Re4 44.Bc2 Rc4 45.Bd3 Rc3 46.Ke2 Ra3 47.Rc1 Bc5 48.f4 h5 49.h3 b5
50.g4 h4 51.g5+ Kg7 52.Bxb5 Rxh3 53.Rf1 Re3+ 54.Kd2 h3 55.f5 gxf5 56.Bd3 Rxd3+
57.Kxd3 h2 58.Rh1 Bg1  0-1

[Event "Berkeley Summer IM Norm"]
[Site "Berkeley USA"]
[Date "2019.08.20"]
[Round "9.5"]
[White "Matras Clement,A"]
[Black "Krush,I"]
[Result "1/2-1/2"]
[WhiteElo "2260"]
[BlackElo "2417"]

1.e4 c5 2.c3 Nf6 3.e5 Nd5 4.d4 cxd4 5.Nf3 Nc6 6.cxd4 d6 7.Bc4 Nb6 8.Bb5 dxe5
9.Nxe5 Bd7 10.Nxd7 Qxd7 11.O-O Rd8 12.Qf3 a6 13.Bxc6 Qxc6 14.Qxc6+ bxc6 15.Be3 e6
16.Nc3 Kd7 17.Rac1 Nd5 18.Ne4 Rb8 19.b3 Be7 20.Rfd1 f5 21.Nc5+ Bxc5 22.Rxc5 Rb5
23.Rdc1 Rc8 24.Bd2 Rc7 25.f3 Rc8 26.Kf2 Rc7 27.R1c4 Rc8 28.Rc1 Rc7 29.R1c4 Rc8
30.Rc1  1/2-1/2

[Event "103rd ch-Marshall CC 2019"]
[Site "New York USA"]
[Date "2019.11.17"]
[Round "8.4"]
[White "Barbosa,O PHI"]
[Black "Krush,I"]
[Result "1-0"]
[WhiteElo "2532"]
[BlackElo "2424"]

1.c4 c5 2.Nf3 Nc6 3.Nc3 g6 4.e3 Nf6 5.d4 cxd4 6.exd4 d5 7.cxd5 Nxd5 8.Qb3 Nxc3
9.Bc4 Nd5 10.Bxd5 e6 11.Bxc6+ bxc6 12.O-O f6 13.Be3 Qd5 14.Rfc1 Be7 15.Nd2 Bd7
16.Nc4 Kf7 17.Bf4 g5 18.Bg3 h5 19.h3 h4 20.Bh2 Rhd8 21.Qd3 Qf5 22.Qe2 Be8
23.Rd1 c5 24.Ne3 Qe4 25.f3 Qb7 26.d5 exd5 27.f4 Kg8 28.Nf5 Bf8 29.fxg5 Qh7  1-0

[Event "World Rapid Women 2019"]
[Site "Moscow RUS"]
[Date "2019.12.26"]
[Round "1.8"]
[White "Shafigullina,Zarina"]
[Black "Krush,I"]
[Result "0-1"]
[WhiteElo "2269"]
[BlackElo "2422"]

1.Nf3 d5 2.g3 c6 3.d4 Nf6 4.c4 Bf5 5.Nc3 e6 6.Nh4 Bg4 7.h3 Bh5 8.g4 Nfd7
9.Ng2 Bg6 10.Nf4 dxc4 11.h4 Bb4 12.h5 Be4 13.f3 Bd5 14.e4 e5 15.Ng2 O-O 16.exd5 cxd5
17.Bd2 exd4 18.Ne2 Bc5 19.Nef4 d3 20.Nxd5 Re8+ 21.Nde3 Nc6 22.Kf2 b5 23.Kg3 Nd4
24.b3 Qc7+ 25.Kh3 Ne5 26.f4 Nef3 27.bxc4 bxc4 28.Nxc4 Ne2 29.Bxe2 Rxe2 30.Be3 Rd8
31.Rc1 Bxe3 32.Ncxe3 Qe7 33.Nf5 Qe4 34.Ng3 Ng5+ 35.fxg5 Qxg2+ 36.Kh4 Qh2+  0-1

[Event "World Rapid Women 2019"]
[Site "Moscow RUS"]
[Date "2019.12.26"]
[Round "2.16"]
[White "Krush,I"]
[Black "Styazhkina,A"]
[Result "1-0"]
[WhiteElo "2422"]
[BlackElo "2289"]

1.d4 d5 2.c4 c6 3.cxd5 cxd5 4.Nf3 Nf6 5.Nc3 Nc6 6.Bf4 a6 7.e3 Bg4 8.h3 Bxf3
9.Qxf3 e6 10.Bd3 Bd6 11.Bg5 Be7 12.O-O h6 13.Bh4 O-O 14.Rac1 Nd7 15.Bg3 Nb6
16.Qe2 Bd6 17.f4 Rc8 18.Bf2 Nb4 19.Bb1 Nc4 20.g4 b5 21.Kh1 Be7 22.Rg1 Nd6
23.Rcf1 Nc6 24.f5 b4 25.Na4 e5 26.Nc5 Bf6 27.Qd3 Re8 28.Rg2 e4 29.Qd1 a5
30.Bc2 Nc4 31.Rfg1 Nxb2 32.Qe2 Nc4 33.Ba4 Nb6 34.Bb5 Nd7 35.Nxd7 Qxd7 36.h4 Qe7
37.g5 hxg5 38.hxg5 Bxg5 39.Rxg5  1-0

[Event "World Rapid Women 2019"]
[Site "Moscow RUS"]
[Date "2019.12.26"]
[Round "3.5"]
[White "Munguntuul,B"]
[Black "Krush,I"]
[Result "1-0"]
[WhiteElo "2430"]
[BlackElo "2422"]

1.e4 c5 2.Nf3 d6 3.d4 cxd4 4.Nxd4 Nf6 5.Nc3 Nc6 6.Bg5 g6 7.Bxf6 exf6 8.Qd2 Bg7
9.O-O-O O-O 10.Ndb5 f5 11.Nxd6 fxe4 12.Ncxe4 Be6 13.Bc4 Qb6 14.Bb3 Nd4 15.Kb1 Bxb3
16.axb3 a5 17.Qf4 f5 18.Nc3 Rfd8 19.Nc4 Qf6  1-0

[Event "World Rapid Women 2019"]
[Site "Moscow RUS"]
[Date "2019.12.26"]
[Round "4.18"]
[White "Krush,I"]
[Black "Osmak,Iulija"]
[Result "1-0"]
[WhiteElo "2422"]
[BlackElo "2388"]

1.d4 f5 2.g3 Nf6 3.Bg2 g6 4.c4 Bg7 5.Nc3 O-O 6.Nh3 d6 7.d5 e5 8.dxe6 c6 9.Nf4 Qe7
10.O-O Na6 11.Qc2 Nc5 12.b4 Nxe6 13.b5 Ne4 14.Bb2 Nd4 15.Qd3 Nc5 16.Qd2 Bd7
17.bxc6 bxc6 18.Ncd5 cxd5 19.Bxd4 dxc4 20.Bxa8 Rxa8 21.Bxc5 Bc6 22.Qxd6 Qxd6
23.Bxd6 Bxa1 24.Rxa1 g5 25.Ne6 Re8 26.Nd4 Bd7 27.Rc1 Rc8 28.Bb4 Kf7 29.Bc3 Rb8
30.f3 Kg6 31.Kf2 Rb6 32.Rd1 Ba4 33.Rd2 Rb1 34.e3 Rh1 35.Kg2 Rb1 36.Ne2 Rb6
37.Rb2 Rd6 38.Nd4 g4 39.Rb4 Bd1 40.Rxc4 gxf3+ 41.Nxf3 Kf7 42.Rc7+ Ke8 43.Rxa7 Rc6
44.Ra3 Bc2 45.Kf2 Be4 46.Nd4 Rc7 47.Rb3 Bd5 48.Ra3 Be4 49.h3 Kd7 50.Ne2 Ke6
51.Ra6+ Kf7 52.Rh6 Kg8 53.Rb6 Bd3 54.Bd4 Rc2 55.Rb2 Rc7 56.a4 Kf7 57.a5 Rc6
58.Nc3 Ra6 59.Rb7+ Kf8 60.Rb8+ Kf7 61.Bb6 Ke6 62.Na4 Kd5  1-0

[Event "World Rapid Women 2019"]
[Site "Moscow RUS"]
[Date "2019.12.27"]
[Round "5.11"]
[White "Dordzhieva,D"]
[Black "Krush,I"]
[Result "0-1"]
[WhiteElo "2314"]
[BlackElo "2422"]

1.Nf3 d5 2.c4 d4 3.b4 f6 4.Qa4+ Bd7 5.Qb3 e5 6.e3 Nc6 7.b5 Na5 8.Qc2 c5 9.Bd3 g6
10.Ba3 Kf7 11.h4 Kg7 12.Kf1 Nh6 13.h5 g5 14.Bb2 Be6 15.Na3 Rc8 16.Re1 Bf7
17.Be4 Bd6 18.d3 Re8 19.Qd2 Bf8 20.exd4 cxd4 21.Nc2 Bc5 22.Nb4 Bxb4 23.Qxb4 b6
24.Qd2 Rc7 25.Rh3 Kh8 26.Nh2 Nb7 27.Bc6 Rg8 28.g4 Be6 29.Qe2 Nc5 30.Rg3 Qd6
31.Kg1 Rxc6 32.bxc6 Qxc6 33.Nf1 Nxg4 34.Nd2 Nh6 35.Nf3 Nf7 36.h6 Bf5 37.Nxd4 exd4
38.Bxd4 Nxh6 39.Qe7 Nd7 40.Ree3 Ng4 41.Ref3 Qe6 42.Qb4 Re8 43.Kg2 h5 44.Re3 Nxe3+
45.Rxe3 Qc6+ 46.Kh2 Rxe3 47.fxe3 Nc5 48.Qc3 Kg7 49.e4 Bg6 50.e5 fxe5 51.Bxe5+ Kh7
52.d4 Ne4 53.Qb4 Qe8 54.c5 bxc5 55.Qb7+ Qf7 56.Qb8 Bf5 57.Qh8+ Kg6 58.d5 Bg4  0-1

[Event "World Rapid Women 2019"]
[Site "Moscow RUS"]
[Date "2019.12.27"]
[Round "6.7"]
[White "Krush,I"]
[Black "Atalik,E"]
[Result "0-1"]
[WhiteElo "2422"]
[BlackElo "2462"]

1.d4 d5 2.c4 e6 3.Nc3 a6 4.cxd5 exd5 5.Bf4 Nf6 6.e3 Bd6 7.Bg5 c6 8.Bd3 Be6
9.Nge2 h6 10.Bh4 Nbd7 11.f3 c5 12.O-O g5 13.Bg3 Bxg3 14.Nxg3 cxd4 15.exd4 Qb6
16.Bf5 O-O-O 17.Na4 Qd6 18.Rc1+ Kb8 19.Nc5 h5 20.Qb3 Nxc5 21.dxc5 Qc6 22.Qd3 Nd7
23.b4 Ne5 24.Qd4 Nc4 25.Bc2 h4 26.Nf5 Bxf5 27.Bxf5 Rhe8 28.Rfe1 Rxe1+ 29.Rxe1 Re8
30.Rb1 Re5 31.Bd3 Qf6 32.Qc3 Qf4 33.Bxc4 dxc4 34.b5 axb5 35.Rxb5 h3 36.g3 Qe3+
37.Qxe3 Rxe3 38.c6 Rxf3 39.Rxb7+ Kc8 40.Rb4 Rc3 41.Rb7 Rc1+ 42.Kf2 Rc2+ 43.Ke3 Rxh2
44.Rxf7 c3 45.Rf1 Rxa2 46.Kd4 Rg2 47.Kc5 h2 48.Rf8+ Kc7 49.Rf7+ Kd8 50.c7+ Kc8
51.Kc6 Rf2 52.Rh7 Rf6+ 53.Kd5 c2  0-1

[Event "World Rapid Women 2019"]
[Site "Moscow RUS"]
[Date "2019.12.27"]
[Round "7.12"]
[White "Assaubayeva,Bibisara"]
[Black "Krush,I"]
[Result "1/2-1/2"]
[WhiteElo "2375"]
[BlackElo "2422"]

1.d4 d5 2.c4 dxc4 3.Nf3 Nf6 4.e3 a6 5.Bxc4 b5 6.Be2 Bb7 7.O-O e6 8.b3 Nbd7
9.Bb2 c5 10.a4 b4 11.Nbd2 Be7 12.Rc1 O-O 13.dxc5 Nxc5 14.Bxf6 gxf6 15.Nd4 Rc8
16.Bf3 Bd5 17.Bxd5 Qxd5 18.Rc4 Nd7 19.Nc6 Rxc6 20.Rd4 Qc5 21.Rxd7 Rd6 22.Qg4+ Qg5
23.Qxg5+ fxg5 24.Rxd6 Bxd6 25.Nc4 Rd8 26.g4 Bc7 27.Kg2 Rd3 28.Rb1 f5 29.h3 Kf7
30.Kf3 Ke7 31.Ke2 Rc3 32.Nd2 Be5 33.Nf3 Bf6 34.Ne1 Be5 35.Kd2 h6 36.Nc2 a5
37.Ne1 Bd6 38.Nf3 f4 39.Nd4 fxe3+ 40.fxe3 Bc5 41.Nc6+ Kd6 42.Nxa5 Bxe3+ 43.Ke2 Kd5
44.Nc4 Ke4 45.Nd6+ Ke5 46.Nb5 Ke4 47.Nd6+ Ke5 48.Nb5 Ke4 49.Nd6+ Ke5 50.Nb5  1/2-1/2

[Event "World Rapid Women 2019"]
[Site "Moscow RUS"]
[Date "2019.12.27"]
[Round "8.12"]
[White "Krush,I"]
[Black "Kashlinskaya,A"]
[Result "1/2-1/2"]
[WhiteElo "2422"]
[BlackElo "2484"]

1.d4 Nf6 2.c4 e6 3.Nc3 Bb4 4.Qc2 O-O 5.a3 Bxc3+ 6.Qxc3 b6 7.Bg5 Bb7 8.e3 d6
9.Ne2 Nbd7 10.Qc2 c5 11.Rd1 Qc8 12.Nc3 cxd4 13.Rxd4 d5 14.cxd5 Nxd5 15.Bc4 h6
16.Bh4 Nxc3 17.Qxc3 Ne5 18.O-O Qc6 19.e4 Rac8 20.Be2 Qxc3 21.bxc3 Rxc3 22.Bg3 Nc6
23.Rd7 Na5 24.f3 Rfc8 25.a4 Rc2 26.Bb5 Ra2 27.Rfd1 Rcc2 28.Bf1 Rxa4 29.Re7 Rc8
30.Rdd7 Rf8 31.Rc7 Ra1 32.Kf2 Ra2+ 33.Kg1 Ra1 34.Kf2 Ra2+ 35.Kg1 Ra1 36.Kf2 Ra2+
37.Kg1 Ra1  1/2-1/2